Literature And Marginality: Comparative Perspectives In African, American, Australian And Indian Dalit Literature (Record no. 39105)

MARC details
000 -LEADER
fixed length control field 00553nam a2200193Ia 4500
008 - FIXED-LENGTH DATA ELEMENTS--GENERAL INFORMATION
fixed length control field 220531s9999 xx 000 0 und d
041 ## - LANGUAGE CODE
Language code of text/sound track or separate title eng
082 ## - DEWEY DECIMAL CLASSIFICATION NUMBER
Item number KUM
100 ## - MAIN ENTRY--PERSONAL NAME
Personal name Kumar, P. Ed.
9 (RLIN) 69747
245 ## - TITLE STATEMENT
Title Literature And Marginality: Comparative Perspectives In African, American, Australian And Indian Dalit Literature
250 ## - EDITION STATEMENT
Edition statement 1ST
260 ## - PUBLICATION, DISTRIBUTION, ETC. (IMPRINT)
Place of publication, distribution, etc. Delhi
Name of publisher, distributor, etc. Kalpaz
Date of publication, distribution, etc. 2014
300 ## - PHYSICAL DESCRIPTION
Extent 288
542 ## - INFORMATION RELATING TO COPYRIGHT STATUS
Copyright holder 10-04-2015
551 ## -
-- English
-- Non-grant-ENG
650 ## - SUBJECT ADDED ENTRY--TOPICAL TERM
Topical term or geographic name as entry element English
9 (RLIN) 69748
906 ## - LOCAL DATA ELEMENT F, LDF (RLIN)
d 2015-2016
f 7302
Holdings
Withdrawn status Lost status Source of classification or shelving scheme Damaged status Not for loan Collection code Home library Current library Date acquired Vendor Cost, normal purchase price Total Checkouts Total Holds Full call number Barcode Date last seen Bill Date Koha item type Original Barcode
    Dewey Decimal Classification       Shri Siddhivinayak Mahila Mahavidyalaya Shri Siddhivinayak Mahila Mahavidyalaya 20/04/2015 Systems Sales 865.00   1 /KUM/B/20573 SSMM-BK-20573 06/08/2022 06/08/2022 Books 010020573